Codrington chronicle : an experiment in Anglican altruism on a Barbados plantation, 1710-1834 /

में बचाया:
ग्रंथसूची विवरण
अन्य लेखक: Klingberg, Frank J. (Frank Joseph), b. 1883
स्वरूप: पुस्तक
भाषा:English
प्रकाशित: Berkeley : Univ. of California Press, 1949.
श्रृंखला:University of California publications in history ; v. 37
विषय:
LEADER 01171nam a2200265 i 4500
001 c000027329
003 CARM
005 00000000000000.0
008 850401s1949 cau 0 eng d
019 1 |a 9251524  |z 28231515  |5 LACONCORD2021 
035 |a (OCoLC)2755423  |5 LACONCORD2021 
245 0 0 |a Codrington chronicle :  |b an experiment in Anglican altruism on a Barbados plantation, 1710-1834 /  |c edited by Frank J. Klingberg. 
260 |a Berkeley :  |b Univ. of California Press,  |c 1949. 
300 |a 157 p. :  |b ill. 
440 0 |a University of California publications in history ;  |v v. 37 
500 |a Bibliographical notes: p. 125-144. 
610 2 0 |a Church of England  |x Missions. 
610 2 0 |a Society for the Propogation of the Gospel in Foreign Parts (London) 
610 2 0 |a Codrington College, Barbados. 
650 0 |a Missions  |z Barbados. 
650 0 |a Slavery  |z Barbados. 
700 1 |a Klingberg, Frank J.  |q (Frank Joseph),  |d b. 1883. 
852 8 |b CARM  |h A2:AE25C0  |i C00320  |p 0018517  |f BK 
999 f f |i 04e5ff54-0e82-57ab-b8ca-9c4584def278  |s e439e9b6-3d6f-5b4e-bdeb-bf6597a41cf5 
952 f f |p Can circulate  |a CAVAL  |b CAVAL  |c CAVAL  |d CARM 1 Store  |e C00320  |f A2:AE25C0  |h Other scheme  |i book  |m 0018517